Największe Miasta Województwa Mazowieckiego - Statystyki

Ogólne statystyki
  • Ten quiz został rozwiązany 86 razy
  • Średni wynik to 11 z 15
Statystyki odpowiedzi
Populacja Miasto % Poprawnych
1 861 599 Warszawa
100%
65 461 Pruszków
92%
196 005 Radom
92%
111 190 Płock
89%
52 630 Legionowo
84%
75 297 Siedlce
79%
51 971 Piaseczno
75%
48 229 Ostrołęka
71%
43 895 Otwock
71%
39 510 Marki
63%
41 740 Ciechanów
62%
45 347 Ząbki
60%
35 620 Wołomin
59%
39 837 Mińsk Mazowiecki
57%
38 594 Żyradów
0%
Nie znaleziono quizów pasujących do podanych kryteriów
Rozkład punktacji
Procent ludzi z każdym wynikiem
Percentyl według liczby udzielonych odpowiedzi
Twoja historia wyników
Nie rozwiązałeś tego quizu